Health transition review : the cultural, social, and behavioural determinants of health.

Bibliographic Details
Corporate Author: Health Transition Centre
Format: Journal
Language:English
Published: Canberra ACT, Australia : Health Transition Centre, National Centre for Epidemiology and Population Health, Australian National University, ©1991-©1997.
Subjects:
Online Availability: Check for online availability

MARC

Tag First Indicator Second Indicator Subfields
LEADER 00000cas a2200000 a 4500
001 in00002787327
005 20151202172152.0
006 m o d
007 cr bn||||||abp
007 cr bn||||||ada
008 100626d19911997at fr poo 0 0eng c
010 |a  2011234586 
022 1 |a 1446-2907  |l 1036-4005  |y 1036-4005  |2 3 
035 |a (OCoLC)ocn643818243 
035 |a (OCoLC)643818243 
040 |a OCLCE  |b eng  |c OCLCE  |d EYM  |d HLS  |d SERSO  |d OCLCQ  |d TXA  |d UtOrBLW 
042 |a dlr  |a pcc 
043 |a d------ 
049 |a TXAM 
050 4 |a RA441.5  |b .H464 Electronic 
060 4 |a W1  |b HE5995H 
082 0 4 |a 614.4/05  |2 20 
222 0 |a Health transition review  |b (Online) 
245 0 0 |a Health transition review :  |b the cultural, social, and behavioural determinants of health. 
264 1 |a Canberra ACT, Australia :  |b Health Transition Centre, National Centre for Epidemiology and Population Health, Australian National University,  |c ©1991-©1997. 
310 |a Semiannual 
336 |a text  |b txt  |2 rdacontent 
337 |a computer  |b c  |2 rdamedia 
338 |a online resource  |b cr  |2 rdacarrier 
362 1 |a Began with: Vol. 1, no. 1 (Apr.1991); ceased with: Vol. 7, no. 2 (Oct. 1997). 
525 |a Supplements accompany some volumes. 
506 |3 Use copy  |f Restrictions unspecified  |2 star  |5 MiAaHDL 
533 |a Electronic reproduction.  |b [S.l.] :  |c HathiTrust Digital Library,  |d 2010.  |5 MiAaHDL 
583 1 |a digitized  |c 2010  |h HathiTrust Digital Library  |l committed to preserve  |2 pda  |5 MiAaHDL 
588 |a Description based on: Vol. 1, no. 1 (Apr. 1991); title from PDF cover (JSTOR, viewed July 22, 2011). 
588 |a Latest issue consulted: Vol. 7, no. 2 (Oct. 1997) (JSTOR, viewed July 22, 2011). 
500 |a Electronic resource. 
650 0 |a Public health  |z Developing countries  |v Periodicals. 
650 0 |a Social medicine  |v Periodicals. 
650 2 |a Behavior  |v Periodicals. 
650 2 |a Culture  |v Periodicals. 
650 2 |a Developing Countries  |v Periodicals. 
650 2 |a Health  |v Periodicals. 
650 2 |a Social Behavior  |v Periodicals. 
650 1 7 |a Gezondheid.  |2 gtt 
650 1 7 |a Cultuur.  |2 gtt 
650 1 7 |a Sociaal gedrag.  |2 gtt 
710 2 |a Health Transition Centre. 
776 0 8 |i Print version:  |t Health transistion review  |x 1036-4005  |w (DLC) 94649838  |w (OCoLC)24732380 
948 |a cataloged  |b h  |c 2012/12/20  |d c  |e spoltoratski  |f 5:16:28 pm  |g sc 
994 |a C0  |b TXA 
999 |a MARS 
999 f f |s 4130ea21-9760-35eb-8202-f02629377c4d  |i efe595cb-4d7f-33cb-8be6-a72641120fd4  |t 0 
952 f f |a Texas A&M University  |b College Station  |c Electronic Resources  |d Available Online  |t 0  |e RA441.5 .H464  |g Electronic  |h Library of Congress classification 
998 f f |a RA441.5 .H464  |t 0  |l Available Online